Lập trình C nâng cao
محفوظ في:
| المؤلف الرئيسي: | |
|---|---|
| التنسيق: | كتاب |
| اللغة: | Undetermined |
| منشور في: |
Hà Nội
Trung tâm KHTN và CNQG
1994
|
| الموضوعات: | |
| الوسوم: |
إضافة وسم
لا توجد وسوم, كن أول من يضع وسما على هذه التسجيلة!
|
| Thư viện lưu trữ: | Trung tâm Học liệu Trường Đại học Cần Thơ |
|---|
| LEADER | 00531nam a2200193Ia 4500 | ||
|---|---|---|---|
| 001 | CTU_28747 | ||
| 008 | 210402s9999 xx 000 0 und d | ||
| 020 | |b 31.800đ | ||
| 082 | |a 005.133 | ||
| 082 | |b O.93 | ||
| 100 | |a Steve Oualline | ||
| 245 | 0 | |a Lập trình C nâng cao | |
| 245 | 0 | |c Steve Oualline | |
| 260 | |a Hà Nội | ||
| 260 | |b Trung tâm KHTN và CNQG | ||
| 260 | |c 1994 | ||
| 650 | |a c ( computer pogrram language ) | ||
| 904 | |i Minh, 990303 | ||
| 980 | |a Trung tâm Học liệu Trường Đại học Cần Thơ | ||